Nositel Nobelovy ceny za ekonomii za rok 2006

Stručná informácia o nositeľovi Nobelovej ceny za ekonómiu z roku 2006, ktoru získal američan Edmund S. Phelps z Columbia University v New Yorku za analýzu intertenprálných substitučných vzťahov v kontexte makroekonomickej politiky.

Saved in:
Bibliographic Details
Main Author: Sirůček, Pavel
Format: Book Chapter
Language:Czech
Subjects:
Tags: Add Tag
No Tags, Be the first to tag this record!

MARC

LEADER 00000naa$a2200000$$$4500
001 0054981
005 20231019131145.6
041 0 |a cze 
044 |a CZ 
245 1 0 |a Nositel Nobelovy ceny za ekonomii za rok 2006  |c Pavel Sirůček 
520 |a Stručná informácia o nositeľovi Nobelovej ceny za ekonómiu z roku 2006, ktoru získal američan Edmund S. Phelps z Columbia University v New Yorku za analýzu intertenprálných substitučných vzťahov v kontexte makroekonomickej politiky. 
610 2 0 |a Nobelova cena 
610 2 0 |a Phelps, E. 
610 2 0 |a makroekonomika 
610 2 0 |a životopisy 
610 2 0 |a veda ekonomická 
100 1 |a Sirůček, Pavel